Metódy ohodnocovania manažérskych spôsobilostí (kompetencií)
Definície pojmu kompetencia vo vybraných slovníkoch. Štruktúra kompetencií. Potreba ohodnocovania spôsobilosti. Kompetenčný model. Ohodnocovanie manažérskej spôsobilosti.
Na minha lista:
| Autor principal: | |
|---|---|
| Formato: | Capítulo de Livro |
| Idioma: | eslovaco |
| Assuntos: | |
| Tags: |
Sem tags, seja o primeiro a adicionar uma tag!
|
MARC
| LEADER | 00000naa a2200000 4500 | ||
|---|---|---|---|
| 001 | 0196110 | ||
| 005 | 20240502073315.6 | ||
| 041 | 0 | |a slo | |
| 044 | |a SK | ||
| 245 | 1 | 0 | |a Metódy ohodnocovania manažérskych spôsobilostí (kompetencií) |c Zuzana Skorková |
| 520 | |a Definície pojmu kompetencia vo vybraných slovníkoch. Štruktúra kompetencií. Potreba ohodnocovania spôsobilosti. Kompetenčný model. Ohodnocovanie manažérskej spôsobilosti. | ||
| 610 | 2 | 0 | |a kompetencie manažérske |
| 610 | 2 | 0 | |a kapitál ľudský |
| 610 | 2 | 0 | |a právomoc |
| 610 | 2 | 0 | |a firmy |
| 100 | 1 | |a Skorková, Zuzana, 1979- | |